| 000 | 00639nam a2200193 i 4500 | ||
|---|---|---|---|
| 001 | 91362 | ||
| 003 | ES-MaACL | ||
| 005 | 20230906180714.0 | ||
| 007 | t| | ||
| 008 | 050128s1972 ag ||||1| spa d | ||
| 100 | 1 |
_aLévi-Strauss, Claude. _971961 |
|
| 245 | 1 | 0 |
_aAntropología estructural / _cClaude Lévi-Strauss ; [traducida por Eliseo Verón ; revisor técnico, Eduardo Luis Menéndez]. |
| 250 | _a[4ª ed.]. | ||
| 260 |
_aBuenos Aires : _bEudeba, _c[1972] |
||
| 300 |
_aXLVIII, 371 p., 4 lám. : _bil. ; _c23 cm. |
||
| 700 | 1 |
_aVerón, Eliseo. _9114192 |
|
| 700 | 1 |
_aMenéndez, Luis. _980291 |
|
| 852 |
_aES-MaACL _jE-5626 _bR.89863 |
||
| 999 |
_c91362 _d91362 |
||